Magia y encanto de los cuentos clásicos

Uloženo v:
Podrobná bibliografie
Hlavní autoři: Bahamondes W., Yolanda (Autor), Sarrocchi Carreño, Augusto César (Autor)
Médium: Kniha
Jazyk:španělština
Vydáno: Santiago Andante-Atena 1991
Témata:
Tagy: Přidat tag
Žádné tagy, Buďte první, kdo vytvoří štítek k tomuto záznamu!

MARC

LEADER 00000nam a2200000 a 4500
001 UCW6596
003 CL-VaPUC
008 920408e19910000CL |||||||||||||||||spa|d
082 0 4 |a 809.31  |b BAH  |2 21 
100 0 |a Bahamondes W., Yolanda  |e author  |9 311599 
700 0 |a Sarrocchi Carreño, Augusto César  |e author  |9 311600 
245 1 0 |a Magia y encanto de los cuentos clásicos 
300 |a 254 p 
942 |c BK 
945 |d 19920408 00:00:00 
260 |a Santiago  |b Andante-Atena  |c 1991 
650 0 |a Cuentos infantiles  |9 308044 
650 0 |a Literatura infantil   |9 307465 
650 0 |a Historia y crítica   |9 257407 
583 |a last modification  |c 20120531 11:55:45  |k Rodrigo Vera 
999 |c 219587  |d 219585 
952 |0 0  |1 0  |4 0  |6 809_310000000000000_BAH_1991  |7 0  |8 P  |9 210686  |a BIBEDU  |b BIBEDU  |c BIBEDU_PB  |d 2019-11-15  |i 2788942  |o 809.31 BAH 1991  |p 2788942  |r 2024-01-25  |w 2019-11-15  |y BK  |k EDU 
952 |0 0  |1 0  |4 0  |6 809_310000000000000_BAH_1991  |7 0  |8 P  |9 210687  |a BIBEDU  |b BIBEDU  |c BIBEDU_PB  |d 2019-11-15  |i 2788950  |o 809.31 BAH 1991  |p 2788950  |r 2024-01-25  |w 2019-11-15  |y BK  |k EDU 
952 |0 0  |1 0  |4 0  |6 809_310000000000000_BAH_1991  |7 0  |8 P  |9 210688  |a BIBEDU  |b BIBEDU  |c BIBEDU_PB  |d 2019-11-15  |i 2788969  |o 809.31 BAH 1991  |p 2788969  |r 2024-01-25  |w 2019-11-15  |y BK  |k EDU 
952 |0 0  |1 0  |4 0  |6 809_310000000000000_BAH_1991  |7 0  |8 P  |9 210689  |a BIBEDU  |b BIBEDU  |c BIBEDU_PB  |d 2019-11-15  |i 2788977  |o 809.31 BAH 1991  |p 2788977  |r 2024-01-25  |w 2019-11-15  |y BK  |k EDU